Bullying

Jordi es un adolescente que cambia de ciudad junto con su madre para iniciar una nueva vida. Pero el destino le reserva una cruel sorpresa, pues cuando traspasa las puertas de su nuevo instituto, cruza sin saberlo la tenebrosa frontera del mismísimo infierno. Para escapar no tendrá más remedio que,...

Descripción completa

Guardado en:
Autor Principal: San Mateo, Josetxo.
Autor Corporativo: Els Quatre Gats Audiovisuals.
Otros Autores: Carbó, Albert; Reparto., Suau, Joan Carles; Reparto.
Formato: Deslizar
Idioma:Undetermined
Publicado: España, 2009.
Materias:
Etiquetas: Agregar Etiqueta
Sin Etiquetas, Sea el primero en etiquetar este registro!
LEADER 01142ngm a22002295a 4500
001 CEM.cems020696
008 231127s2009####xx#---############vlund#d
005 20231127184407.0
245 1 0 |a Bullying  |h [videograbación] /  |c Josetxo San Mateo. 
260 |a España,  |c 2009. 
300 |a 90'. 
520 |a Jordi es un adolescente que cambia de ciudad junto con su madre para iniciar una nueva vida. Pero el destino le reserva una cruel sorpresa, pues cuando traspasa las puertas de su nuevo instituto, cruza sin saberlo la tenebrosa frontera del mismísimo infierno. Para escapar no tendrá más remedio que, en solitario, buscar desesperadamente la salida. 
590 |a Identificación anterior: 308 
538 |a Soporte: DVD -- Formato: AVI – Peso: 1.68gb -- Resolución: 720 x 304 -- 25fps 
500 |a Título original: Bullying – Idioma: Español. 
100 1 |a San Mateo, Josetxo. 
700 1 |a Carbó, Albert; Reparto. 
700 1 |a Suau, Joan Carles; Reparto. 
710 2 |a Els Quatre Gats Audiovisuals. 
653 |a FICCIÓN 
653 |a LARGOMETRAJE 
859 |a CEMS  |b BIB. CEMS - Depto. Recursos Didacticos  |h 778.5  |i SAN  |k DRD  |p 3249.23  |t Ej.1